ბათუმის შოთა რუსთაველის სახელმწიფო უნივერსიტეტის ბიბლიოთეკა

პასუხისმგებლობა მორალური ზიანისათვის (ბიბ.ჩანაწერი № 49392)

000 -LEADER
fixed length control field 00954nam a2200253Ia 4500
001 - CONTROL NUMBER
control field 16312
003 - CONTROL NUMBER IDENTIFIER
control field GE_BSU
008 - FIXED-LENGTH DATA ELEMENTS--GENERAL INFORMATION
fixed length control field 181216s||||||||xx |||||||||||||| ||und||
020 ## - INTERNATIONAL STANDARD BOOK NUMBER
International Standard Book Number ISBN 99928-32-18-5
040 ## - CATALOGING SOURCE
Transcribing agency GE_BSU
080 ## - UNIVERSAL DECIMAL CLASSIFICATION NUMBER
Universal Decimal Classification number 347.513
100 ## - MAIN ENTRY--PERSONAL NAME
Personal name ჩიკვაშვილი, შალვა
245 ## - TITLE STATEMENT
Title პასუხისმგებლობა მორალური ზიანისათვის
245 ## - TITLE STATEMENT
Statement of responsibility, etc. რედ.: ლ. ნადიბაიძე
260 ## - PUBLICATION, DISTRIBUTION, ETC.
Place of publication, distribution, etc. თბილისი
260 ## - PUBLICATION, DISTRIBUTION, ETC.
Name of publisher, distributor, etc. მერიდიანი
260 ## - PUBLICATION, DISTRIBUTION, ETC.
Date of publication, distribution, etc. 2003
300 ## - PHYSICAL DESCRIPTION
Extent 255გვ;20სმ
300 ## - PHYSICAL DESCRIPTION
Other physical details რეზ. რუს. და ინგლ. ენ.. - ბიბლიოგრ. ტექსტ. შენიშვნ.
653 ## - INDEX TERM--UNCONTROLLED
Uncontrolled term პასუხისმგებლობა მორალური ზიანისათვის
653 ## - INDEX TERM--UNCONTROLLED
Uncontrolled term სამართალი
942 ## - ADDED ENTRY ELEMENTS (KOHA)
Koha item type წიგნი
ეგზემპლარები
Withdrawn status Lost status Damaged status Not for loan Date acquired Barcode Date last seen Price effective from Koha item type
        2018-12-17 40668 2018-12-17 2018-12-17 წიგნი
        2018-12-17 40669 2018-12-17 2018-12-17 წიგნი